Ingresos brutos y la actividad industrial en la CABA (Registro nro. 20051)

Detalles MARC
000 -LEADER
fixed length control field 00365 a2200121 4500
001 - CONTROL NUMBER
control field ART_42385
005 - DATE AND TIME OF LATEST TRANSACTION
control field 20260410161755.0
008 - FIXED-LENGTH DATA ELEMENTS--GENERAL INFORMATION
fixed length control field 260409a
100 1# - MAIN ENTRY--PERSONAL NAME
Personal name Kaplan, Hugo E.
245 10 - TITLE STATEMENT
Title Ingresos brutos y la actividad industrial en la CABA
700 1# - ADDED ENTRY--PERSONAL NAME
Personal name Piccinelli, Oscar A.
773 0# - HOST ITEM ENTRY
Title Doctrina tributaria
Related parts - Nº 366 (sep. 2010)
Record control number REV4296

No hay ítems disponibles.